Zufällige Länder 3# - Statistiken

Allgemein
  • Dieses Quiz wurde 51 mal gespielt
  • Das Durchschnittsergebnis liegt bei 13 aus 15
Antworten auf der Karte
Die Antworten werden auf der Karte rot bzw. grün angezeigt, abhängig davon wie oft sie richtig erraten wurden.
 
Antwortstatistiken
Antwort % Korrekt
Weissrussland
98%
Papua Neuguinea
95%
Spanien
95%
Argentinien
93%
Zentral Afrikanische Republik
93%
Afghanistan
89%
Kasachstan
89%
Botswana
84%
Haiti
84%
Honduras
84%
Mali
84%
Tadschikistan
84%
Bhutan
77%
Israel
77%
Schweden
77%
Keine übereinstimmenden Quizze gefunden
Verteilung der Resultate
Anzahl Personen mit jedem Resultat
Perzentil nach korrekt beantworteten Fragen
Ihre Resultats-Entwicklung
Sie haben dieses Quiz noch nicht gespielt